000
00285nam a2200109Ia 4500
008
220204s9999 xx 000 0 und d
082
_a
618.2
_b
ELA
245
0
_a
Everything a woman needs to know about pregnancy
260
_a
New Delhi
_b
Vikas
_c
1978
650
_a
Obstetrics
942
_c
BK
999
_c
30435
_d
30435